| 000 | 00898 a2200217 4500 | ||
|---|---|---|---|
| 003 | NUST | ||
| 005 | 20230102133154.0 | ||
| 010 | _a 84082411 | ||
| 020 | _a0395358043 | ||
| 040 | _cNust | ||
| 082 | 0 | 0 | _a370,ORN |
| 100 | 1 |
_aOrnstein, Allan C. _9106635 |
|
| 245 | 1 | 3 |
_aAn introduction to the foundations of education / _cAllan C. Ornstein, Daniel U. Levine. |
| 250 | _a3rd ed. | ||
| 260 |
_aBoston : _bHoughton Mifflin, _cc1985. |
||
| 300 |
_axvii, 557, [28] p. : _bill. ; _c24 cm. |
||
| 505 | _aPart 1:- Understanding the Teaching Profession (Page-1), Part 2:- Historical and Philosophical Foundations (Page-70), Part 3:- Political Economic and Legal Foundations (Page-214), Social Foundations (Page-320), Part 5:- School in a Changing Society (Page-442). | ||
| 650 | 0 |
_aTeaching _xHandbooks, manuals, etc. _9106636 |
|
| 700 | 1 |
_aLevine, Daniel U., _d1935- _9106637 |
|
| 942 |
_2ddc _cBK _k370,ORN |
||
| 999 |
_c185757 _d185757 |
||